| 000 | 01726nam a2200253 a 4500 | ||
|---|---|---|---|
| 005 | 20141115020002.0 | ||
| 008 | 140122b2002 ck ||||| |||| 00| 0 spa d | ||
| 041 | _aspa | ||
| 044 | _ack | ||
| 090 |
_aIAvH _b00232 |
||
| 100 |
_aMúnera, Claudia _94663 |
||
| 245 |
_aUso de hábitat de Capito hypoleucus, una especie endémica y amenazada de Colombia (Aves _bCapitonidae) |
||
| 260 |
_aBogotá _bUniversidad Nacional de Colombia _c2002 |
||
| 300 | _a80 p. | ||
| 520 | _aEn la serranía de las Quinchas (Boyacá), se realizó un estudio sobre diferentos aspectos ecológicos de la especie, buscando determinar el uso que hace de los componentes ambientales de su hábitat natural, el tipo de bosque que habita, y evaluar la preferencia altitudinal de su rango de distribución. Se realizaron censos durante seis meses para determinar la densidad del ave en diferentes tipos de bosque y se hicieron levantamientos de vegetación. Se encontró mayor presencia en bosque primario, variación altitudinal en la densidad de la especie, siendo la deforestación del bosque primario uno de los factores con mayor afectación negativa sobre la presencia de la especie. Estudios posteriores deben hacer mayor énfasis en aspectos ecológicos, como la dieta y el comportamiento; hacer seguimiento de las poblaciones de la serranía; y promover la conservación de los bosques del Magdalena medio | ||
| 650 |
_aAbundancia en bosques maduros _94664 |
||
| 650 |
_aEstructura boscosa _94665 |
||
| 650 |
_aDensidad de poblaciones _94666 |
||
| 650 |
_aRango altitudinal _94667 |
||
| 650 |
_aAspectos ecológicos _92477 |
||
| 650 |
_aHistoria natural de la especie _94668 |
||
| 700 |
_aLaverde, Oscar _94669 |
||
| 942 |
_cINFORME _2z _01 |
||
| 999 |
_c3025 _d3025 |
||